|
|
|
|
| LEADER |
02170cam a2200553 i 4500 |
| 001 |
nkc20152682511 |
| 003 |
CZ PrNK |
| 005 |
20160104080437.0 |
| 007 |
ta |
| 008 |
151106s2015 xr abche 001 0ccze d |
| 015 |
|
|
|a cnb002682511
|
| 020 |
|
|
|a 978-80-242-4881-3
|q (vázáno)
|
| 035 |
|
|
|a (OCoLC)934899340
|
| 040 |
|
|
|a OLA001
|b cze
|d ABA001
|d OLA001
|e rda
|
| 043 |
|
|
|a e------
|
| 072 |
|
7 |
|a 94(4)
|x Dějiny Evropy
|2 Konspekt
|9 8
|
| 072 |
|
7 |
|a 929
|x Biografie
|2 Konspekt
|9 8
|
| 080 |
|
|
|a 929.731
|2 MRF
|
| 080 |
|
|
|a 929.731-055.2
|2 MRF
|
| 080 |
|
|
|a (4)
|2 MRF
|
| 080 |
|
|
|a (0:82-94)
|2 MRF
|
| 245 |
0 |
0 |
|a Velcí panovníci Evropy :
|b 100 nejvýznamnějších císařů, králů a knížat evropských dějin /
|c sestavili Jana Jůzlová a Radek Diestler
|
| 246 |
3 |
|
|a Sto nejvýznamnějších císařů, králů a knížat evropských dějin
|
| 246 |
3 |
0 |
|a 100 nejvýznamnějších císařů, králů a knížat evropských dějin
|
| 250 |
|
|
|a Vydání druhé
|
| 264 |
|
1 |
|a Praha :
|b Knižní klub,
|c 2015
|
| 300 |
|
|
|a 254 stran :
|b ilustrace (převážně barevné), mapy, portréty, faksimile, genealogické tabulky ;
|c 24 cm
|
| 336 |
|
|
|a text
|b txt
|2 rdacontent
|
| 337 |
|
|
|a bez média
|b n
|2 rdamedia
|
| 338 |
|
|
|a svazek
|b nc
|2 rdacarrier
|
| 490 |
1 |
|
|a Universum
|
| 500 |
|
|
|a Chronologické přehledy
|
| 504 |
|
|
|a Obsahuje bibliografii a rejstřík
|
| 650 |
0 |
7 |
|a panovníci
|7 ph117250
|z Evropa
|2 czenas
|
| 650 |
0 |
7 |
|a panovnice
|7 ph123930
|z Evropa
|2 czenas
|
| 650 |
0 |
9 |
|a kings and rulers
|z Europe
|2 eczenas
|
| 650 |
0 |
9 |
|a queens and empresses
|z Europe
|2 eczenas
|
| 655 |
|
7 |
|a portréty
|7 fd133099
|2 czenas
|
| 655 |
|
9 |
|a portraits
|2 eczenas
|
| 700 |
1 |
|
|a Jůzlová, Jana,
|d 1974-
|7 xx0038112
|4 com
|
| 700 |
1 |
|
|a Diestler, Radek,
|d 1972-
|7 pna2006312007
|4 com
|
| 830 |
|
0 |
|a Universum (Knižní klub)
|0 s
|
| 910 |
2 |
|
|a BOA001
|b 2-1357.682
|
| 928 |
9 |
|
|a Euromedia Group - Knižní klub
|
| 990 |
|
|
|a BK
|
| 995 |
|
|
|a 01
|
| 991 |
|
|
|b 201512
|c NOV
|
| 996 |
6 |
|
|b 2610652825
|c 2-1357.682
|l MZK
|r Sklad / do 1 hodiny
|n 3
|p p.v.
|w 001533142
|u 000010
|a 1
|e BOA001
|j MZK50
|s P
|
| 996 |
7 |
|
|b 2610653526
|c 2-1357.682
|l MZK
|r Sklad / do 1 hodiny
|n 7
|p kup
|w 001533142
|u 000020
|a 1
|e BOA001
|j MZK50
|s A
|